000 00291nam a22001337a 4500
008 210224b ||||| |||| 00| 0 eng d
020 _a9780176666729
041 _aeng
080 _a510
100 _a36
101 _aMAT
245 _aElementary linear Algebra
_cNelson
942 _2udc
_cBK
999 _c55154
_d55154